Errate den Song am Songtext #3 - Statistiken

Allgemein
  • Dieses Quiz wurde 328 mal gespielt
    290 seit der letzten Aktualisierung
  • Das Durchschnittsergebnis liegt bei 100 aus 262
Antwortstatistiken
Antwort % Korrekt
I
99%
a
95%
you
93%
the
87%
we
81%
me
74%
be
70%
When
68%
to
66%
it
64%
can
58%
my
58%
go
55%
on
54%
hear
51%
in
51%
will
48%
see
44%
that
44%
have
43%
of
42%
with
40%
Like
35%
but
26%
know
26%
Dance
23%
dance
23%
now
22%
as
20%
make
20%
Make
20%
Stay
19%
how
17%
way
17%
eyes
15%
Hold
14%
more
14%
play
14%
only
13%
Only
13%
close
11%
may
10%
start
10%
flower
9%
Long
9%
sounds
9%
before
8%
ocean
8%
Other
7%
floor
6%
rhythm
6%
sway
6%
Sway
6%
Dear
5%
magic
4%
marimba
4%
smooth
4%
begins
3%
Bend
3%
breeze
3%
dancers
3%
ease
3%
hugs
3%
lazy
3%
shore
3%
weak
3%
bending
2%
technique
2%
thrill
2%
violins
2%
Keine übereinstimmenden Quizze gefunden
Verteilung der Resultate
Anzahl Personen mit jedem Resultat
Perzentil nach korrekt beantworteten Fragen
Ihre Resultats-Entwicklung
Sie haben dieses Quiz seit der letzten Aktualisierung nicht gespielt